Fundamentals of Electric Circuits /
Salvato in:
| Autori principali: | , |
|---|---|
| Natura: | Libro |
| Lingua: | inglese |
| Pubblicazione: |
New York :
Mc Graw Hill Education,
2021
|
| Edizione: | 7. vydanie |
| Tags: |
Nessun Tag, puoi essere il primo ad aggiungerne!!
|
MARC
| LEADER | 00000nam a22000003a 4500 | ||
|---|---|---|---|
| 001 | 0109483 | ||
| 003 | SK-STU | ||
| 005 | 20240523103238.6 | ||
| 007 | ta | ||
| 008 | 240523s ----xo-----e------000-0-----d | ||
| 020 | |a 978-1-260-57079-3 | ||
| 040 | |a STU |b slo | ||
| 041 | 0 | |a eng | |
| 044 | |a xxu | ||
| 100 | 1 | |a Alexander, Charles |4 aut |r Z6 | |
| 245 | 1 | 0 | |a Fundamentals of Electric Circuits / |c aut. Charles Alexander, Matthew N.O Sadiku |
| 250 | |a 7. vydanie | ||
| 260 | |a New York : |b Mc Graw Hill Education, |c 2021 | ||
| 300 | |a 903 s., príl. | ||
| 700 | 1 | |a Sadiku, Matthew N.O |4 aut | |
| 996 | |b 284EK90594 |c E* 90594 |l EE33 |s P |a 0 |w 0109483_0001 | ||